| 000 | 01046nam a2200241 i 4500 | ||
|---|---|---|---|
| 001 | 34665 | ||
| 003 | ES-MaACL | ||
| 005 | 20230906154956.0 | ||
| 007 | t| | ||
| 008 | 030207s1898 sp ||||1| spa d | ||
| 100 | 1 |
_aBonilla y San Martín, Adolfo, _d1875-1926 _930193 |
|
| 245 | 1 | 4 |
_aLos gobiernos de partido / _cpor Adolfo Bonilla y San Martín, secretario primero de la Sección de Ciencias Morales y Políticas del Ateneo de Madrid. |
| 260 |
_aMadrid : _b[s.n.], _c1898 ( _fImp. Juste) |
||
| 300 |
_a61 p. ; _c25 cm. |
||
| 530 | _aDisponible en formato digital. | ||
| 610 | 2 | 4 |
_aAteneo de Madrid. _bSección de Ciencias Morales y Políticas- _vMemorias. _91986 |
| 650 |
_aParlamentarismo. _9136654 |
||
| 650 | 0 | 4 |
_aPartidos políticos. _915858 |
| 710 | 2 |
_aAteneo de Madrid. _91875 |
|
| 852 |
_aES-MaACL _jT-815-F-5 _z.- Enc. en un vol. facticio conservando la enc. original _z.- Ded. ms. del autor al Ateneo |
||
| 856 |
_uhttp://bdh-rd.bne.es/viewer.vm?id=0000097727&page=1 _zBiblioteca Digital Hispánica |
||
| 999 |
_c34665 _d34665 |
||